| 000 | 00901nam a2200193 i 4500 | ||
|---|---|---|---|
| 001 | 187914 | ||
| 003 | ES-MaACL | ||
| 005 | 20251004063229.0 | ||
| 008 | 180323s1927 sp |||| | spa d | ||
| 100 | 1 |
_aArtigas Ferrando, Miguel, _d1887-1947 _923471 |
|
| 245 | 1 | 0 |
_aAspectos del hispanismo en la Alemania actual _b: conferencia dada el 15 de febrero de 1927 / _cpor Miguel Artigas. |
| 260 |
_aMadrid : _b[s.n.], _c1927 ( _fBlass tipogragía) |
||
| 300 |
_a15 p. ; _c23 cm. |
||
| 490 | 1 |
_aConferencias dadas en el Centro de intercambio intelectual germano-español ; _v13 |
|
| 650 | 4 |
_aCivilización hispánica- _xInvestigación- _zAlemania. _9164437 |
|
| 830 | 0 | 0 |
_aConferencias dadas en el Centro de Intercambio Intelectual Germano-Español _v13 _9192904 |
| 852 |
_aES-MaACL _jC-8111(7) _z.- Donat. del Centro de Intercambio Intelectual Germano-Español (Madrid) |
||
| 999 |
_c187914 _d187914 |
||